Statistics for Presidential and Vice Presidential Nominees since 1960

Click here to take the quiz!

General Stats

  • This quiz has been taken 13 times
  • The average score is 18 of 32

Answer Stats

Year, Party Candidate % Correct
2016, RepublicanTrump Pence
100%
2016, DemocraticClinton Kaine
100%
2012, DemocraticObama Biden
100%
2008, DemocraticObama Biden
100%
1996, DemocraticClinton Gore
100%
2008, RepublicanMcCain Palin
91%
2004, RepublicanBush Cheney
91%
2004, DemocraticKerry Edwards
91%
2000, RepublicanBush Cheney
91%
2012, RepublicanRomney Ryan
82%
2000, DemocraticGore Lieberman
73%
1960, DemocraticKennedy Johnson
73%
1972, RepublicanNixon Agnew
64%
1980, DemocraticCarter Mondale
64%
1980, RepublicanReagan Bush
64%
1984, RepublicanReagan Bush
64%
1988, RepublicanBush Quayle
64%
1992, RepublicanBush Quayle
64%
1976, DemocraticCarter Mondale
55%
1968, RepublicanNixon Agnew
45%
1964, DemocraticJohnson Humphrey
45%
1996, RepublicanDole Kemp
45%
1988, DemocraticDukakis Bentsen
36%
1984, DemocraticMondale Ferraro
27%
1972, DemocraticMcGovern Shriver
27%
1992, ReformPerot Stockdale
18%
1996, ReformPerot Choate
18%
1968, DemocraticHumphrey Muskie
18%
1960, RepublicanNixon Lodge
18%
1968, American IndependentWallace LeMay
9%
1964, RepublicanGoldwater Miller
9%
1992, DemocraticClincon Gore
0%

Score Distribution

Percentile by Number Answered

Percent of People with Each Score

Your Score History

You have not taken this quiz